[Event "20. Torneo San Viator 2013"]
[Site "Madrid ESP"]
[Date "2013.04.21"]
[Round "3.10"]
[White "Acuna Celada, Ivan"]
[Black "Rodriguez Alonso, Marcos"]
[Result "1/2-1/2"]
[WhiteElo "2159"]
[BlackElo "1637"]
[PlyCount "88"]
[EventDate "2013.04.07"]
[EventType "swiss"]
[EventRounds "9"]
[EventCountry "ESP"]
[Source "lmi"]
[SourceDate "2013.04.07"]

1. Nf3 d5 2. c4 e6 3. g3 Nf6 4. Bg2 Be7 5. O-O O-O 6. b3 Nc6 7. a3 a5 8. d4 b6
9. cxd5 exd5 10. Qc2 Bb7 11. Nbd2 Re8 12. Bb2 Ne4 13. e3 Nxd2 14. Nxd2 Bf8 15.
Rfc1 Qd7 16. Bf1 Rac8 17. Nf3 h6 18. Bb5 Qg4 19. Bxc6 Bxc6 20. Ne5 Rxe5 21.
dxe5 Bb7 22. Qd1 Qf5 23. f3 c5 24. Kg2 Re8 25. Qc2 Qg5 26. Re1 Qh5 27. g4 Qg5
28. Qf5 Qd8 29. Rad1 Re6 30. Rd2 g6 31. Qf4 Bg7 32. Red1 Qe8 33. Rxd5 Bxd5 34.
Rxd5 Qe7 35. Qg3 Qe8 36. a4 c4 37. Qf4 cxb3 38. Qe4 Rc6 39. Qd4 Kh7 40. Kg3 Rc2
41. Rb5 Rc5 42. Rxc5 bxc5 43. Qxc5 Qxa4 44. f4 Qe4 1/2-1/2

[Event "20. Torneo San Viator 2013"]
[Site "Madrid ESP"]
[Date "2013.04.21"]
[Round "3.11"]
[White "Garcia-Ruiz Fuentes, Angel M"]
[Black "Perez Bruni, Alfredo"]
[Result "1/2-1/2"]
[WhiteElo "1952"]
[BlackElo "1836"]
[PlyCount "106"]
[EventDate "2013.04.07"]
[EventType "swiss"]
[EventRounds "9"]
[EventCountry "ESP"]
[Source "lmi"]
[SourceDate "2013.04.07"]

1. e4 e6 2. d4 d5 3. Nc3 Bb4 4. a3 Bxc3+ 5. bxc3 dxe4 6. Qg4 Nf6 7. Qxg7 Rg8 8.
Qh6 Rg6 9. Qd2 Bd7 10. Ne2 Rg8 11. Ng3 Bc6 12. Bc4 Nbd7 13. O-O Nb6 14. Be2 Qd5
15. f3 O-O-O 16. fxe4 Nxe4 17. Nxe4 Qxe4 18. Bf3 Qg6 19. Bxc6 bxc6 20. Rf2 Kd7
21. Qd3 Qxd3 22. cxd3 f5 23. Bd2 Na4 24. Rb1 Rb8 25. Rb4 Nb6 26. c4 a5 27. Rb2
a4 28. Rf3 Rbf8 29. Bb4 Rf7 30. Bc5 Rb8 31. Rb4 Rg7 32. Re3 Rbg8 33. Re2 Rb8
34. Reb2 Rg4 35. h3 Rh4 36. Kf2 Rf4+ 37. Ke3 Rf1 38. Bxb6 Rxb6 39. Rxb6 cxb6
40. Rxb6 Ra1 41. Rb7+ Kc8 42. Rxh7 Rxa3 43. g4 Ra1 44. gxf5 exf5 45. Ra7 a3 46.
d5 cxd5 47. cxd5 a2 48. Kd4 f4 49. d6 f3 50. d7+ Kd8 51. Kd5 Rd1 52. Rxa2 Rxd3+
53. Ke6 Re3+ 1/2-1/2

[Event "20. Torneo San Viator 2013"]
[Site "Madrid ESP"]
[Date "2013.04.21"]
[Round "3.14"]
[White "Cabeza Hernandez, Guillermo"]
[Black "Yaniz Lana, Francisco Javier"]
[Result "1-0"]
[WhiteElo "1549"]
[BlackElo "1653"]
[PlyCount "89"]
[EventDate "2013.04.07"]
[EventType "swiss"]
[EventRounds "9"]
[EventCountry "ESP"]
[Source "lmi"]
[SourceDate "2013.04.07"]

1. c4 c5 2. g3 Nf6 3. Bg2 g6 4. Nc3 Bg7 5. Rb1 e6 6. b4 cxb4 7. Rxb4 d5 8. cxd5
exd5 9. d4 O-O 10. e3 Re8 11. Nge2 Nc6 12. Rb3 Na5 13. Rb2 Nc4 14. Rb3 a5 15.
O-O a4 16. Rb5 Ra5 17. Rxa5 Qxa5 18. Qxa4 Qd8 19. Nf4 Nb6 20. Qb3 Ne4 21. Ncxd5
Nxd5 22. Qxd5 Nc3 23. Qb3 Qc7 24. Ba3 Be6 25. Qxb7 Qxb7 26. Bxb7 Bxa2 27. Rc1
Rb8 28. Rxc3 Rxb7 29. Rc8+ Bf8 30. Bxf8 f5 31. Kg2 g5 32. Bh6+ Kf7 33. Bxg5 Rb1
34. Rc5 Rb6 35. Rxf5+ Kg7 36. d5 Bc4 37. Be7 h5 38. Nxh5+ Kg6 39. g4 Rb2 40.
Nf4+ Kh7 41. Kg3 Rb1 42. Kh4 Rb7 43. d6 Rb8 44. d7 Rb6 45. d8=Q 1-0

[Event "20. Torneo San Viator 2013"]
[Site "Madrid ESP"]
[Date "2013.04.21"]
[Round "3.15"]
[White "Brasa Olmos, Joaquin"]
[Black "Ramos Pinto, Jose Maria"]
[Result "0-1"]
[WhiteElo "1542"]
[BlackElo "1642"]
[PlyCount "92"]
[EventDate "2013.04.07"]
[EventType "swiss"]
[EventRounds "9"]
[EventCountry "ESP"]
[Source "lmi"]
[SourceDate "2013.04.07"]

1. d4 Nf6 2. Nf3 d5 3. Nc3 e6 4. Bf4 Bb4 5. Qd3 O-O 6. a3 Bxc3+ 7. Qxc3 c6 8.
e3 Ne4 9. Qd3 Qb6 10. Rb1 Nd7 11. c4 a5 12. Be2 Qd8 13. h4 a4 14. Ng5 Nef6 15.
Bd6 Re8 16. Bh5 g6 17. Bd1 Nb6 18. c5 Nc4 19. Bg3 Qa5+ 20. Qc3 Qxc3+ 21. bxc3
h6 22. Be5 Nxe5 23. dxe5 Nd7 24. Nf3 Nxc5 25. g4 Ne4 26. Rc1 b5 27. Nd4 Bd7 28.
f3 Nc5 29. Kd2 Nb7 30. Be2 Na5 31. Kc2 Nc4 32. Bxc4 dxc4 33. f4 c5 34. Ne2 Bc6
35. Rhg1 Rad8 36. Rg3 Be4+ 37. Kb2 Rd2+ 38. Ka1 Rxe2 39. Rd1 Rc2 40. Rd6 Rxc3
41. Kb2 Rb3+ 42. Ka2 b4 43. axb4 cxb4 44. Rd4 Ra3+ 45. Kb2 c3+ 46. Kc1 Ra1# 0-1

[Event "20. Torneo San Viator 2013"]
[Site "Madrid ESP"]
[Date "2013.04.21"]
[Round "3.17"]
[White "Choque-Paredes, Jose Carlos"]
[Black "Mateos Cordero, Francisco"]
[Result "1/2-1/2"]
[WhiteElo "2035"]
[BlackElo "1556"]
[PlyCount "94"]
[EventDate "2013.04.07"]
[EventType "swiss"]
[EventRounds "9"]
[EventCountry "ESP"]
[Source "lmi"]
[SourceDate "2013.04.07"]

1. d4 d5 2. c4 c6 3. Nc3 Nf6 4. e3 e6 5. Bd3 Bd6 6. Nge2 Nbd7 7. O-O O-O 8. f3
c5 9. a3 a6 10. f4 dxc4 11. Bxc4 b5 12. Bb3 Bb7 13. Bc2 cxd4 14. Nxd4 Qc7 15.
e4 Bc5 16. e5 Qc6 17. Rf2 Bxd4 18. Qxd4 Nd5 19. f5 Nxc3 20. bxc3 Qd5 21. f6
Qxd4 22. cxd4 Rac8 23. fxg7 Kxg7 24. Bg5 f5 25. exf6+ Nxf6 26. Raf1 Nd7 27. Bb3
Rxf2 28. Rxf2 Bd5 29. Bxd5 exd5 30. Rf5 Nb6 31. Rf6 Rb8 32. Rc6 a5 33. Rc5 Nc4
34. Bf4 Rb7 35. Bc1 b4 36. a4 Rd7 37. Rb5 Kf6 38. Kf2 Ke6 39. Ke2 Rf7 40. g3 h5
41. Bf4 Ra7 42. Bb8 Ra6 43. Kd3 Nb2+ 44. Kc2 Nxa4 45. Kb3 Nb6 46. Bc7 Nc4 47.
Ka4 Nb2+ 1/2-1/2

[Event "20. Torneo San Viator 2013"]
[Site "Madrid ESP"]
[Date "2013.04.21"]
[Round "3.18"]
[White "Fernandez Garcia, Javier"]
[Black "Ojosnegros Martin, Angel"]
[Result "1-0"]
[WhiteElo "2028"]
[BlackElo "1513"]
[PlyCount "69"]
[EventDate "2013.04.07"]
[EventType "swiss"]
[EventRounds "9"]
[EventCountry "ESP"]
[Source "lmi"]
[SourceDate "2013.04.07"]

1. d4 d5 2. Nf3 Nf6 3. e3 e6 4. Bd3 b6 5. Nbd2 Bb7 6. b3 Nbd7 7. Bb2 Be7 8. O-O
O-O 9. Ne5 c5 10. f4 Ne4 11. Nxe4 dxe4 12. Bc4 Nf6 13. Qe2 a6 14. a4 Qc8 15.
Rad1 Bd5 16. dxc5 Bxc5 17. Kh1 Bxc4 18. Nxc4 Nd5 19. f5 f6 20. Rd2 b5 21. fxe6
Qxe6 22. Rfd1 Ne7 23. axb5 axb5 24. Nd6 Bxd6 25. Rxd6 Qc8 26. Qxb5 Nf5 27. Qd5+
Kh8 28. Rc6 Qe8 29. Re6 Qh5 30. Kg1 Qg4 31. Rxe4 Qg6 32. Rf1 Rfd8 33. Qxf5 Qxf5
34. Rxf5 Rd1+ 35. Rf1 1-0

[Event "20. Torneo San Viator 2013"]
[Site "Madrid ESP"]
[Date "2013.04.21"]
[Round "3.19"]
[White "Garcia Rojas, Juan Carlos"]
[Black "Rosa Ramirez, Victor D"]
[Result "0-1"]
[WhiteElo "1548"]
[BlackElo "1945"]
[PlyCount "82"]
[EventDate "2013.04.07"]
[EventType "swiss"]
[EventRounds "9"]
[EventCountry "ESP"]
[Source "lmi"]
[SourceDate "2013.04.07"]

1. e4 e5 2. Nf3 Nc6 3. Bc4 Bc5 4. Nc3 a6 5. a3 d6 6. d3 Bg4 7. Be3 Nf6 8. Bd5
Nxd5 9. Nxd5 Nd4 10. Bxd4 Bxd4 11. c3 Ba7 12. Ne3 Bh5 13. Qa4+ c6 14. g4 Qf6
15. Qd1 Bxe3 16. fxe3 Bxg4 17. Rf1 O-O 18. Qe2 Qe6 19. Qf2 Qb3 20. Rg1 Bxf3 21.
Qxf3 Qxb2 22. Rd1 Qxc3+ 23. Rd2 g6 24. Qf6 Qc1+ 25. Rd1 Qxe3+ 26. Kf1 Qh3+ 27.
Rg2 Qe6 28. Qh4 f5 29. Kg1 Qb3 30. Qh5 Qe6 31. Rdd2 fxe4 32. dxe4 Qf6 33. Qd1
Rad8 34. Rdf2 Qe6 35. Rd2 Rf4 36. Qb1 Rdf8 37. Rdf2 Qf7 38. Qc2 Rxf2 39. Rxf2
Qxf2+ 40. Qxf2 Rxf2 41. Kxf2 d5 0-1

[Event "20. Torneo San Viator 2013"]
[Site "Madrid ESP"]
[Date "2013.04.21"]
[Round "3.20"]
[White "Camarero Izquierdo, Juan Carlos"]
[Black "Roman Garcia, Jose Luis"]
[Result "1-0"]
[WhiteElo "1934"]
[BlackElo "1490"]
[PlyCount "25"]
[EventDate "2013.04.07"]
[EventType "swiss"]
[EventRounds "9"]
[EventCountry "ESP"]
[Source "lmi"]
[SourceDate "2013.04.07"]

1. d4 d5 2. Nc3 Nf6 3. Bg5 e6 4. e4 dxe4 5. Nxe4 Be7 6. Bxf6 Bxf6 7. Nf3 Nd7 8.
Qd3 O-O 9. O-O-O Be7 10. h4 c5 11. Kb1 b6 12. Nfg5 Nf6 13. Nxf6+ 1-0

[Event "20. Torneo San Viator 2013"]
[Site "Madrid ESP"]
[Date "2013.04.21"]
[Round "3.21"]
[White "Reyes Penas, Sebastian"]
[Black "Sierra Soria, Maria"]
[Result "0-1"]
[WhiteElo "1415"]
[BlackElo "1864"]
[PlyCount "48"]
[EventDate "2013.04.07"]
[EventType "swiss"]
[EventRounds "9"]
[EventCountry "ESP"]
[Source "lmi"]
[SourceDate "2013.04.07"]

1. e4 d5 2. exd5 Qxd5 3. Nc3 Qd8 4. d4 Nf6 5. Nf3 c6 6. Bd3 Bg4 7. Be3 e6 8. h3
Bh5 9. g4 Bg6 10. Qd2 Bb4 11. a3 Ba5 12. O-O-O Nd5 13. b4 Bb6 14. Nxd5 Qxd5 15.
Qe2 Qa2 16. Bxg6 Qxa3+ 17. Kd2 hxg6 18. Rb1 Na6 19. b5 Ba5+ 20. Kd1 Qa2 21. Rc1
Nb4 22. Ne5 Qd5 23. f3 Na2 24. Rb1 Nc3+ 0-1

[Event "20. Torneo San Viator 2013"]
[Site "Madrid ESP"]
[Date "2013.04.21"]
[Round "3.22"]
[White "Uceda Martinez, Jacinto"]
[Black "Enriquez Pastor, Jorge"]
[Result "1/2-1/2"]
[WhiteElo "1854"]
[BlackElo "1398"]
[PlyCount "143"]
[EventDate "2013.04.07"]
[EventType "swiss"]
[EventRounds "9"]
[EventCountry "ESP"]
[Source "lmi"]
[SourceDate "2013.04.07"]

1. e4 c5 2. Nc3 d6 3. f4 Nc6 4. Nf3 Bg4 5. Bb5 a6 6. Bxc6+ bxc6 7. d3 Nf6 8.
O-O Rb8 9. Qe1 Qa5 10. b3 Bxf3 11. Rxf3 Qc7 12. Bd2 e6 13. Qg3 g6 14. Raf1 Bg7
15. f5 exf5 16. exf5 Nd5 17. Re1+ Be5 18. fxg6 hxg6 19. Nxd5 cxd5 20. Bf4 Kf8
21. Bxe5 dxe5 22. Qxg6 e4 23. Qg3 Qxg3 24. Rxg3 Re8 25. Rge3 f5 26. dxe4 Rxe4
27. Rxe4 dxe4 28. g3 Ke7 29. Kg2 Rd8 30. Re2 Kf6 31. h4 Ke5 32. Kf2 Rf8 33. Kg2
Rg8 34. Kh3 a5 35. a4 Rg7 36. h5 Rh7 37. Kh4 f4 38. gxf4+ Kxf4 39. Rf2+ Ke5 40.
Kg5 Kd4 41. Kg6 Re7 42. h6 e3 43. Re2 Re6+ 44. Kg7 Re7+ 45. Kf6 Rd7 46. Rh2
Rd6+ 47. Kf5 e2 48. h7 e1=Q 49. h8=Q+ Kd5 50. Qa8+ Rc6 51. c4+ Kd4 52. Qxc6
Qe5+ 53. Kg4 Qxh2 54. Qd5+ Kc3 55. Qf3+ Kb4 56. Qb7+ Kc3 57. Qf3+ Kb4 58. Kf5
Qc2+ 59. Ke5 Qxb3 60. Qb7+ Kc3 61. Qb5 Qxc4 62. Qxa5+ Qb4 63. Qb5 Qc4 64. Kd6
Qd4+ 65. Kc6 c4 66. a5 Kd2 67. Qg5+ Qe3 68. Qd8+ Qd3 69. Qxd3+ Kxd3 70. a6 c3
71. a7 c2 72. a8=Q 1/2-1/2

[Event "20. Torneo San Viator 2013"]
[Site "Madrid ESP"]
[Date "2013.04.21"]
[Round "3.23"]
[White "Montesinos Hernandez, Alejandro"]
[Black "Padin Lazaro, Jose Manuel"]
[Result "0-1"]
[WhiteElo "1498"]
[BlackElo "1809"]
[PlyCount "60"]
[EventDate "2013.04.07"]
[EventType "swiss"]
[EventRounds "9"]
[EventCountry "ESP"]
[Source "lmi"]
[SourceDate "2013.04.07"]

1. e4 e6 2. d4 d5 3. e5 c5 4. c3 Nc6 5. Nf3 Qb6 6. a3 Nh6 7. b4 cxd4 8. cxd4
Nf5 9. Bb2 Be7 10. Be2 a5 11. b5 a4 12. g4 Nh4 13. O-O Nxf3+ 14. Bxf3 Qxb5 15.
Bc1 Bd7 16. Nc3 Qc4 17. Ne2 Na5 18. Rb1 O-O 19. g5 Rfc8 20. h4 Qc2 21. Bb2 Nb3
22. Qxc2 Rxc2 23. Bc1 Rac8 24. Re1 Bb5 25. Be3 Bxa3 26. h5 Bb2 27. g6 a3 28.
Rxb2 axb2 29. Kh2 Bxe2 30. Bxe2 Rxe2 0-1

[Event "20. Torneo San Viator 2013"]
[Site "Madrid ESP"]
[Date "2013.04.21"]
[Round "3.24"]
[White "Garcia Carcedo, Jesus"]
[Black "Arias Martinez, Ivan"]
[Result "1-0"]
[WhiteElo "1808"]
[BlackElo "1766"]
[PlyCount "55"]
[EventDate "2013.04.07"]
[EventType "swiss"]
[EventRounds "9"]
[EventCountry "ESP"]
[Source "lmi"]
[SourceDate "2013.04.07"]

1. d4 Nf6 2. Nf3 g6 3. Bf4 Bg7 4. h3 d6 5. e3 O-O 6. Be2 Nbd7 7. O-O Ne4 8.
Nbd2 f5 9. c3 Nxd2 10. Qxd2 e5 11. dxe5 dxe5 12. Bg5 Qe8 13. Bb5 a6 14. Ba4 b5
15. Qd5+ Qf7 16. Bb3 Qxd5 17. Bxd5+ Kh8 18. Bxa8 Nb6 19. Bc6 Bd7 20. Bxd7 Nxd7
21. Rfd1 Nc5 22. Rd5 Ne6 23. Be7 Re8 24. Ba3 e4 25. Nd4 Nd8 26. Rd1 c6 27. Rd7
a5 28. Nxb5 1-0

[Event "20. Torneo San Viator 2013"]
[Site "Madrid ESP"]
[Date "2013.04.21"]
[Round "3.25"]
[White "Hidalgo Prado, David"]
[Black "Rodriguez Varela, Alvaro"]
[Result "1-0"]
[WhiteElo "1397"]
[BlackElo "1751"]
[PlyCount "73"]
[EventDate "2013.04.07"]
[EventType "swiss"]
[EventRounds "9"]
[EventCountry "ESP"]
[Source "lmi"]
[SourceDate "2013.04.07"]

1. e4 e5 2. Nf3 Nc6 3. Bb5 a6 4. Ba4 Nf6 5. Qe2 b5 6. Bb3 Be7 7. c3 O-O 8. d3
d6 9. Bg5 Bg4 10. Nbd2 d5 11. Bxf6 Bxf6 12. Bxd5 Qd6 13. Nf1 Rad8 14. h3 Bc8
15. O-O-O b4 16. Ne3 bxc3 17. bxc3 Na5 18. Nc4 Nxc4 19. Bxc4 Bd7 20. Qc2 Rb8
21. Kd2 Qc5 22. Ke2 Qa3 23. Rb1 a5 24. Rxb8 Rxb8 25. Rb1 Rxb1 26. Qxb1 g6 27.
Qb8+ Kg7 28. Qxc7 Qb2+ 29. Kf1 Qc1+ 30. Ne1 Bg5 31. Qxd7 Bd2 32. Qxf7+ Kh6 33.
g3 Qxe1+ 34. Kg2 Be3 35. Qf8+ Kh5 36. Qf3+ Kh6 37. Qxe3+ 1-0

[Event "20. Torneo San Viator 2013"]
[Site "Madrid ESP"]
[Date "2013.04.21"]
[Round "3.26"]
[White "Moreno Zamora, Gregorio"]
[Black "Casado Salvo, Jose Maria"]
[Result "1-0"]
[WhiteElo "1725"]
[BlackElo "1758"]
[PlyCount "69"]
[EventDate "2013.04.07"]
[EventType "swiss"]
[EventRounds "9"]
[EventCountry "ESP"]
[Source "lmi"]
[SourceDate "2013.04.07"]

1. e4 d6 2. d4 Nf6 3. Nc3 g6 4. Be3 Bg7 5. Qd2 c6 6. h4 Ng4 7. Bf4 e5 8. dxe5
Qe7 9. Qxd6 Qxd6 10. exd6 Be6 11. Nh3 h6 12. Be2 Nd7 13. Bxg4 Bxg4 14. f3 Be6
15. Nf2 O-O-O 16. Nd3 f6 17. O-O-O b6 18. Bh2 Rhe8 19. Rhe1 Ne5 20. Nxe5 fxe5
21. f4 Bg4 22. Rd3 h5 23. Kb1 Rd7 24. a3 Rf7 25. g3 Rd8 26. Nd1 b5 27. Ne3 Bf3
28. Nd1 Bg4 29. Nf2 Be6 30. b3 Bf8 31. Red1 Bh6 32. Rc3 Kb7 33. Nd3 Bg4 34.
Nxe5 Bxd1 35. Nxf7 1-0

[Event "20. Torneo San Viator 2013"]
[Site "Madrid ESP"]
[Date "2013.04.21"]
[Round "3.27"]
[White "Villarroya Samaniego, Javier"]
[Black "Robles, Bryan"]
[Result "1/2-1/2"]
[WhiteElo "1267"]
[BlackElo "1708"]
[PlyCount "74"]
[EventDate "2013.04.07"]
[EventType "swiss"]
[EventRounds "9"]
[EventCountry "ESP"]
[Source "lmi"]
[SourceDate "2013.04.07"]

1. d4 d5 2. e3 e6 3. Bd3 c6 4. f4 Bd6 5. Nf3 f5 6. O-O Nf6 7. Nbd2 O-O 8. c3
Nbd7 9. Ne5 Qe8 10. b3 Ne4 11. Nxe4 fxe4 12. Be2 Nxe5 13. fxe5 Be7 14. Rxf8+
Qxf8 15. a4 Bd7 16. Qf1 Qd8 17. Ba3 Bxa3 18. Rxa3 Qe7 19. Ra2 Rf8 20. Qe1 Qg5
21. Bd1 c5 22. Rf2 Rxf2 23. Qxf2 cxd4 24. cxd4 Qe7 25. Qc2 Qb4 26. Qe2 Qc3 27.
Kf2 Qc7 28. h3 a6 29. Qc2 Qa5 30. g4 Qd8 31. Kg2 Bc6 32. Qc5 Kf7 33. Kg3 Qg5
34. Qc3 h5 35. Qe1 h4+ 36. Kg2 Qe7 37. Qf2+ Ke8 1/2-1/2

[Event "20. Torneo San Viator 2013"]
[Site "Madrid ESP"]
[Date "2013.04.21"]
[Round "3.29"]
[White "Tipter, Napoleon"]
[Black "Sanz Miranda, Fernando"]
[Result "1-0"]
[WhiteElo "1964"]
[BlackElo "1677"]
[PlyCount "69"]
[EventDate "2013.04.07"]
[EventType "swiss"]
[EventRounds "9"]
[EventCountry "ESP"]
[Source "lmi"]
[SourceDate "2013.04.07"]

1. e4 c6 2. d4 d5 3. exd5 cxd5 4. Bd3 Nc6 5. c3 Nf6 6. Bf4 e6 7. Nf3 Bd6 8.
Bxd6 Qxd6 9. O-O O-O 10. Re1 Re8 11. Nbd2 Bd7 12. Ne5 Rac8 13. g4 g6 14. Qf3
Qe7 15. Nf1 Kg7 16. Ng3 Rh8 17. Qf4 h5 18. g5 Ne8 19. Re3 Nd6 20. Qf6+ Qxf6 21.
gxf6+ Kxf6 22. Nxd7+ Ke7 23. Ne5 Nxe5 24. Rxe5 Nc4 25. Bxc4 Rxc4 26. Rae1 Kd6
27. Ne2 Re8 28. Nf4 Ra4 29. a3 Ra5 30. c4 Rc8 31. c5+ Kc6 32. R5e3 Rb5 33. b4
a5 34. Nd3 b6 35. a4 1-0

[Event "20. Torneo San Viator 2013"]
[Site "Madrid ESP"]
[Date "2013.04.21"]
[Round "3.31"]
[White "Arias Cusio, Oscar"]
[Black "Algaba Traspuesto, Jose Antonio"]
[Result "1-0"]
[WhiteElo "1761"]
[BlackElo "1638"]
[PlyCount "63"]
[EventDate "2013.04.07"]
[EventType "swiss"]
[EventRounds "9"]
[EventCountry "ESP"]
[Source "lmi"]
[SourceDate "2013.04.07"]

1. e4 d5 2. exd5 Nf6 3. c4 c6 4. dxc6 Nxc6 5. Nf3 e5 6. Nc3 Bf5 7. a3 e4 8. Ng1
Qe7 9. Nge2 Rd8 10. Ng3 Bg6 11. Be2 Qd7 12. O-O Bc5 13. Kh1 O-O 14. Bh5 Nxh5
15. Nxh5 Qf5 16. Ng3 Qd7 17. Ngxe4 Bb6 18. Ng3 Ne5 19. b3 Nd3 20. Qf3 Rfe8 21.
Nd5 Bd4 22. Ra2 Ne1 23. Qf4 Be5 24. Qh4 Bxg3 25. Qxg3 Qe6 26. Nc7 Qe2 27. Rg1
Nd3 28. h4 Re4 29. f3 Nf2+ 30. Kh2 Rd3 31. Nd5 Rg4 32. Qb8+ 1-0

[Event "20. Torneo San Viator 2013"]
[Site "Madrid ESP"]
[Date "2013.04.21"]
[Round "3.33"]
[White "Lopez Benitez, David"]
[Black "Perez Carballeira, Francisco"]
[Result "1/2-1/2"]
[WhiteElo "1746"]
[BlackElo "1609"]
[PlyCount "100"]
[EventDate "2013.04.07"]
[EventType "swiss"]
[EventRounds "9"]
[EventCountry "ESP"]
[Source "lmi"]
[SourceDate "2013.04.07"]

1. Nf3 d5 2. g3 Bf5 3. Bg2 Nf6 4. O-O e6 5. d3 h6 6. Bf4 Be7 7. Nbd2 O-O 8. c3
Nbd7 9. Re1 c6 10. Qc1 Rc8 11. e4 dxe4 12. dxe4 Bh7 13. e5 Nd5 14. Ne4 Nxf4 15.
gxf4 Qb6 16. Nfd2 Bxe4 17. Nxe4 Nc5 18. Nxc5 Bxc5 19. Qc2 g6 20. Bh3 Qd8 21.
Qd1 Qh4 22. Qf3 Rcd8 23. Rad1 a6 24. Qg3 Qxg3+ 25. hxg3 a5 26. Kg2 b6 27. Kf3
Be7 28. Ke4 Rd5 29. c4 Rxd1 30. Rxd1 Rd8 31. Rxd8+ Bxd8 32. a4 Be7 33. g4 Kg7
34. f5 gxf5+ 35. gxf5 exf5+ 36. Kxf5 Bc5 37. f3 Bd4 38. b3 Kf8 39. Kf6 Be3 40.
Bg4 Bg5+ 41. Kf5 Bh4 42. Bh5 Ke7 43. f4 Bg3 44. Bf3 c5 45. Bg4 Bh2 46. Ke4 f6
47. e6 Kd6 48. Kf5 Bg3 49. Kxf6 Bxf4 50. Kf7 Bg5 1/2-1/2

[Event "20. Torneo San Viator 2013"]
[Site "Madrid ESP"]
[Date "2013.04.21"]
[Round "3.44"]
[White "Apaza, Gabriela Erika"]
[Black "Tolosana Esteban, Enrique"]
[Result "0-1"]
[WhiteElo "1195"]
[BlackElo "1754"]
[PlyCount "70"]
[EventDate "2013.04.07"]
[EventType "swiss"]
[EventRounds "9"]
[EventCountry "ESP"]
[Source "lmi"]
[SourceDate "2013.04.07"]

1. d4 Nf6 2. Nf3 g6 3. e3 Bg7 4. Bd3 d6 5. Nbd2 Nbd7 6. O-O O-O 7. Re1 c5 8. c3
Qc7 9. e4 Nh5 10. Nf1 e5 11. d5 c4 12. Bc2 Nc5 13. Ne3 b5 14. b3 Nf4 15. g3
Nfd3 16. Bxd3 Nxd3 17. Re2 f5 18. Ng5 h6 19. Ne6 Bxe6 20. dxe6 fxe4 21. Nd5 Qc5
22. Ne7+ Kh7 23. b4 Qc7 24. Nd5 Qc8 25. Be3 Nf4 26. gxf4 exf4 27. Bxf4 Qxe6 28.
Be3 Qh3 29. Qf1 Qg4+ 30. Kh1 Qf3+ 31. Kg1 Rf5 32. Ne7 Re5 33. Nc6 Rh5 34. Nd4
Bxd4 35. Bxd4 Rg5+ 0-1

[Event "20. Torneo San Viator 2013"]
[Site "Madrid ESP"]
[Date "2013.04.21"]
[Round "3.45"]
[White "Torrecillas Adan, Luis"]
[Black "Mosteiro Montoro, Alvaro"]
[Result "0-1"]
[WhiteElo "1788"]
[BlackElo "1680"]
[PlyCount "64"]
[EventDate "2013.04.07"]
[EventType "swiss"]
[EventRounds "9"]
[EventCountry "ESP"]
[Source "lmi"]
[SourceDate "2013.04.07"]

1. e4 c5 2. Bc4 Nc6 3. Qf3 Nf6 4. b3 Ne5 5. Qe2 Nxc4 6. bxc4 d6 7. Nc3 g6 8.
Bb2 Bg7 9. Nf3 Bg4 10. O-O O-O 11. h3 Bxf3 12. Qxf3 Nd7 13. Rab1 Ne5 14. Qe2 e6
15. d3 a6 16. Nd1 f5 17. Bxe5 Bxe5 18. Rxb7 f4 19. Qg4 Qf6 20. c3 h5 21. Qf3
Qh4 22. Rb2 a5 23. d4 cxd4 24. cxd4 Bxd4 25. Rd2 Be5 26. Nc3 Rac8 27. Nb5 Rxc4
28. Nxd6 Rc3 29. Qe2 f3 30. Qe1 fxg2 31. f3 gxf1=Q+ 32. Qxf1 Rcxf3 0-1

[Event "20. Torneo San Viator 2013"]
[Site "Madrid ESP"]
[Date "2013.04.21"]
[Round "3.48"]
[White "Trapero Bueno, Vicente"]
[Black "Gil Calvente, Jose Antonio"]
[Result "0-1"]
[WhiteElo "1330"]
[BlackElo "1597"]
[PlyCount "48"]
[EventDate "2013.04.07"]
[EventType "swiss"]
[EventRounds "9"]
[EventCountry "ESP"]
[Source "lmi"]
[SourceDate "2013.04.07"]

1. d4 Nf6 2. c4 c5 3. d5 b5 4. cxb5 a6 5. bxa6 Bxa6 6. Nc3 g6 7. g3 Bg7 8. Bg2
d6 9. Nf3 O-O 10. O-O Nbd7 11. Re1 Qb6 12. e4 Ng4 13. h3 Nge5 14. Rb1 Nd3 15.
Re3 Bxc3 16. Qb3 Qxb3 17. axb3 Bg7 18. Bf1 Nxc1 19. Rxc1 Bxb2 20. Rb1 Bf6 21.
Bc4 Ne5 22. Bxa6 Rxa6 23. Nxe5 Bxe5 24. f4 Bd4 0-1

[Event "20. Torneo San Viator 2013"]
[Site "Madrid ESP"]
[Date "2013.04.28"]
[Round "4.1"]
[White "Iturbide Arnedo, Oscar"]
[Black "Renteria, Jorge"]
[Result "0-1"]
[WhiteElo "2151"]
[BlackElo "2300"]
[PlyCount "60"]
[EventDate "2013.04.07"]
[EventType "swiss"]
[EventRounds "9"]
[EventCountry "ESP"]
[Source "lmi"]
[SourceDate "2013.04.07"]

1. d4 Nf6 2. Bg5 Ne4 3. Bf4 c5 4. f3 Qa5+ 5. c3 Nf6 6. d5 e6 7. e4 exd5 8. exd5
Nh5 9. Qe2+ Kd8 10. Bxb8 d6 11. Bxa7 Qxa7 12. Qd2 Be7 13. Bd3 h6 14. g3 Re8 15.
Kf1 Bd7 16. Na3 Rb8 17. Nb5 Qa4 18. b3 Qa5 19. a4 Nf6 20. b4 cxb4 21. cxb4 Qa8
22. Qa2 Rc8 23. Ne2 Bh3+ 24. Kf2 Nd7 25. Nf4 Ne5 26. Rhc1 g5 27. Rxc8+ Qxc8 28.
Na7 Qb8 29. Nxh3 Qxa7+ 30. Ke2 Nxd3 0-1

[Event "20. Torneo San Viator 2013"]
[Site "Madrid ESP"]
[Date "2013.04.28"]
[Round "4.3"]
[White "Julian Serra, Rogelio"]
[Black "Unciti Juan, Javier"]
[Result "0-1"]
[WhiteElo "2014"]
[BlackElo "2196"]
[PlyCount "92"]
[EventDate "2013.04.07"]
[EventType "swiss"]
[EventRounds "9"]
[EventCountry "ESP"]
[Source "lmi"]
[SourceDate "2013.04.07"]

1. c4 e6 2. g3 d5 3. Bg2 Nf6 4. Nf3 Be7 5. O-O O-O 6. e3 c5 7. b3 Nc6 8. Bb2 d4
9. exd4 cxd4 10. Re1 Re8 11. d3 Bb4 12. Nbd2 e5 13. a3 Bc3 14. Ra2 Bg4 15. Qc1
Bxb2 16. Rxb2 Qd7 17. b4 Qf5 18. Qb1 Rad8 19. b5 Nb8 20. Nh4 Qc8 21. Ne4 Nxe4
22. Bxe4 g5 23. Qc1 f6 24. Ng2 Nd7 25. h4 h6 26. f3 Be6 27. f4 exf4 28. gxf4 f5
29. fxg5 fxe4 30. gxh6 e3 31. Nxe3 dxe3 32. Qxe3 Qc5 33. d4 Qh5 34. Qc3 Bg4 35.
Rf1 Qxh6 36. Rg2 Re4 37. Qf3 Qe6 38. d5 Qg6 39. Qg3 Kh7 40. h5 Qg7 41. Qd3 Nc5
42. Qc2 Rg8 43. Qf2 Qd4 44. Kh2 Qxf2 45. Rgxf2 Bxh5 46. Rf5 Rh4# 0-1

[Event "20. Torneo San Viator 2013"]
[Site "Madrid ESP"]
[Date "2013.04.28"]
[Round "4.4"]
[White "Ramos Pinto, Jose Maria"]
[Black "Cabanas Bravo, Juan Andres"]
[Result "0-1"]
[WhiteElo "1642"]
[BlackElo "2103"]
[PlyCount "76"]
[EventDate "2013.04.07"]
[EventType "swiss"]
[EventRounds "9"]
[EventCountry "ESP"]
[Source "lmi"]
[SourceDate "2013.04.07"]

1. Nf3 Nf6 2. c4 g6 3. g3 Bg7 4. Bg2 O-O 5. O-O d5 6. d4 dxc4 7. Qa4 Nfd7 8.
Qxc4 Nb6 9. Qc2 Nc6 10. Rd1 Bg4 11. e3 Qc8 12. Nc3 e5 13. d5 Na5 14. e4 Nac4
15. b3 Nd6 16. Ba3 Rd8 17. Rd3 f5 18. Nd2 Nd7 19. f3 Bh5 20. Nc4 Nf6 21. Bxd6
cxd6 22. Qd2 b5 23. Ne3 Qc5 24. exf5 gxf5 25. Kf1 Bg6 26. Rc1 Qb6 27. Qe2 f4
28. Nc2 Bxd3 29. Qxd3 fxg3 30. hxg3 Rac8 31. Nb4 Qd4 32. Qxd4 exd4 33. Ne2
Rxc1+ 34. Nxc1 Rc8 35. Nc6 Nxd5 36. f4 Ne3+ 37. Kf2 Kf8 38. Be4 d5 0-1